10 Largest Ethnic Groups in Austria-Hungary - Statistics

General Stats
  • This quiz has been taken 471 times
  • The average score is 9 of 10
Answer Stats
Population Answer % Correct
10,056,315 Hungarian
100%
12,006,521 German
99%
5,621,797 Serbo-Croatian
96%
3,224,147 Romanian
95%
6,442,133 Czech
94%
1,967,970 Slovak
93%
4,976,804 Polish
92%
768,422 Italian
89%
1,255,620 Slovene
80%
3,997,831 Ruthenian
34%
No matching quizzes found
Score Distribution
Percent of People with Each Score
Percentile by Number Answered
Your Score History
You have not taken this quiz